Normal view MARC view

Entry Genre/Form Term

Number of records used in: 1

001 - CONTROL NUMBER

  • control field: 21383

003 - CONTROL NUMBER IDENTIFIER

  • control field: dpl

005 - DATE AND TIME OF LATEST TRANSACTION

  • control field: 20100924115910.0

008 - FIXED-LENGTH DATA ELEMENTS

  • fixed length control field: 100924|||a|||||| | ||| d

040 ## - CATALOGING SOURCE

  • Original cataloging agency: dpl
  • Transcribing agency: dpl

155 ## - HEADING--GENRE/FORM TERM

  • Genre/form term: Fantasy fiction.

670 ## - SOURCE DATA FOUND

  • Source citation: Work cat.: (dpl)35887: Cast, P. C. 21381, Chosen :, 2009(repr.).

670 ## - SOURCE DATA FOUND

  • Source citation: Work cat.: (dpl)35887: Cast, P. C. 21381, Chosen :, 2009(repr.).

© Delhi Public Library
Hit Counter
free hit counter